000 00219nam a22000857a 4500
999 _c10980
_d10980
008 180706b ||||| |||| 00| 0 eng d
100 _aQuinn Jason
_96765
245 _aThe Kaurava Empire
260 _aNew Delhi
_bCampfire
_c2016